Modelling in environmental chemistry

Αποθηκεύτηκε σε:
Λεπτομέρειες βιβλιογραφικής εγγραφής
Άλλοι συγγραφείς: Jorgensen, Sven Erik 1934- (Επιμελητής έκδοσης)
Μορφή: Βιβλίο
Γλώσσα:English
Δημοσίευση: Amsterdam : Elsevier, 1991.
Σειρά:(Developments in environmental modelling ; 17)
Θέματα:
Ετικέτες: Προσθήκη ετικέτας
Δεν υπάρχουν, Καταχωρήστε ετικέτα πρώτοι!

MARC

LEADER 00000cam a2200000 i 4500
001 1/102967
008 950511s1991 eng d
020 |a 0-444-88605-2 
035 |l 10012710 
040 |a GR-MY-UA  |b gre  |e aacr 
041 0 |a eng 
082 0 |a 628.50151 
245 1 0 |a Modelling in environmental chemistry /   |c edited by S. E. Jorgensen.  
260 |a Amsterdam :   |b Elsevier,   |c 1991.  
300 |a 505 σ. :   |b εικ. ;   |c 25 εκ.  
490 1 |a (Developments in environmental modelling  |v ; 17)  
504 |a Περιλαμβάνει βιβλιογραφικές παραπομπές.  
650 0 0 |a Environmental chemistry  |x Mathematical models. 
650 0 0 |a Environmental chemistry  |x Mathematical models  |x Case studies. 
700 1 |a Jorgensen, Sven Erik  |d 1934-  |e edt 
852 |a INST  |b LESVOS  |e 19950511  |h 628.50151 MOD  |p 005100001017  |q 005100001017  |t BK  |y 0 
909 |a Λ  |b 026704